000 01048nam a2200241 4500
003 OSt
005 20200706152043.0
008 200706s1997 ck abo|gr|||| 00| 0 spa d
020 _a9589623220
040 _aCO-JMCR
_cCO-JMCR
041 0 _aspa
082 0 4 _a351.871 /
_bE558n
_223
110 1 _aEmpresa de acueducto y alcantarillado de Bogotá.
_96740
245 1 3 _aEl nuevo acueducto de Bogotá :
_b1938-1955 /
_cEmpresa de acueducto y alcantarillado de Bogotá
250 _aPrimera edición
260 _aBogotá :
_bEAAB,
_c1997.
300 _a190 páginas :
_bilustraciones, mapas, fotografías a blanco y negro ;
_c24 cm.
520 0 _aEste libro a sido elaborado mediante un convenio con la universidad Externado de Colombia, la cual realizo la investigación que se plasma en estas páginas, dirigida por el historiador Juan Camilo Rodríguez Gómez.
650 1 4 _aSaneamiento
_zBogotá
_zColombia
_96741
650 2 4 _aSuministro de agua
_zBogotá
_zColombia
_96742
650 2 4 _aAcueductos
_zBogotá
_zColombia
_96743
942 _2ddc
_cBK
999 _c6746
_d6746